SS Things Quiz Stats

 Plays Quiz Updated Oct 19, 2012

Also try: DD Things
Challenge
Share
Tweet
Embed
Score 0/36 Timer 12:00
2 Plays Today
Clue Answer % Correct
Show starring signature absorbent, yellow, and porous fellow which airs on NickelodeonSpongeBob SquarePants
93.9%
Stars with orbiting planets make up these celestial bodies; Saturn is the sixth planet in oursSolar System
93.1%
School subject in which students study history, geography, politics, and/or economicsSocial Science
92%
Scarlet in color and octagonal in shape, this indicates a required haltStop Sign
91.7%
Stealthy team of special agents responsible for the safety of the President and national VIPsSecret Service
90.5%
Say can you name the national anthem of the United States? (hyphenated with banner)Star-Spangled
86.8%
Should you flunk a few tenth grade classes, you might have to retake them here in JuneSummer School
84%
Service that provides financial protection against poverty, old age, disability, and unemploymentSocial Security
83.3%
Screenwriter, director, and producer of such films as ''Saving Private Ryan'' and ''Schindler's List''Steven Spielberg
82.5%
Structure designed for humans to live and work above the planet for a period of timeSpace Station
82.2%
Snuffleupagus is one of many characters on this educational children's television seriesSesame Street
81.1%
Some cops might use this procedure involving removal of clothing if they suspect illegal itemsStrip Search
80%
Sodium chloride obtained by the evaporation of ocean water used in cooking and cosmeticsSea Salt
78%
Shyamalan's first and final twist-ending movie with 'The' (Or an advanced power of intuition)Sixth Sense
76.8%
Some people call this lunchtime favorite a grinder, hero, hoagie, po' boy, wedge, or zepSubmarine Sandwich
73.8%
Subtitle of the first novel in the famous wizard series (at least in the U.S.)Sorcerer's Stone
72.2%
Secondary stage name of Marshall Mathers as well as the title of his debut LPSlim Shady
70.1%
Slugger who is the all-time home run leader among foreign-born MLB playersSammy Sosa
67.9%
Clue Answer % Correct
Sprinters often get this painful lower leg condition known medically as medial tibial stress syndromeShin Splints
67.6%
Should you make it past 15 years of age or to the NCAA regional semifinals, you've made it hereSweet Sixteen
65.9%
Sullen and stern Potions Master turned Dumbledore-killer turned brave hero?Severus Snape
65.7%
Scouts and Bear Grylls display these techniques that are necessary to last in the wildSurvival Skills
65.4%
Strong metal alloy fused with chromium to make it very resistant to corrosion and oxidation Stainless Steel
64%
Short track is the newer type of this Winter Olympic competitive racing sportSpeed Skating
62.2%
She was Louise in ''Thelma and Louise'', Annie in ''Bull Durham'', and Sally in ''Atlantic City''Susan Sarandon
62%
Sentinel of space who first brought his metal board to Earth in Fantastic Four #48Silver Surfer
60.3%
Southeast Asian condiment with a distinct taste called umami in Japanese Soy Sauce
59.3%
Site of the Nobel Prize Banquet and capital of this European nation (city, country)Stockholm, Sweden
57.4%
Songwriter and author of children's books ''The Giving Tree'' and ''Where the Sidewalk Ends''Shel Silverstein
56.6%
Satirical comedienne who had her own Comedy Central program from 2007-2010Sarah Silverman
56%
Series of games in which signature Nintendo characters brawl in a melee setting (with Bros.)Super Smash
55.2%
Soccer is big in this capital which is the third largest city in Central AmericaSan Salvador
49.7%
Settling of a civil war that lasted 30 years, this east African nation became independent in 2011.South Sudan
47.3%
Swift and solid defensive position in American football responsible for guarding the passStrong Safety
41.5%
System that sold far fewer consoles than 32 bit era competitors Nintendo 64 and Sony PlaystationSega Saturn
24.2%
Special ops agent and protagonist of Konami's Metal Gear series of stealth video gamesSolid Snake
22.5%

You're not logged in!

Compare scores with friends on all Sporcle quizzes.
Join for Free
OR
Log In

You Might Also Like...

Show Comments

Extras

Top Quizzes Today


Score Distribution

Your Account Isn't Verified!

In order to create a playlist on Sporcle, you need to verify the email address you used during registration. Go to your Sporcle Settings to finish the process.

Report this User

Report this user for behavior that violates our Community Guidelines.

Details: